000 00681nam a2200181Ia 4500
003 GCL
008 140319s9999 xx 000 0 ara d
040 _aGCL /
_cGCL
082 0 4 _a234
_bج ل
100 1 _aابن حجر العسقلانى : بدر الدين ابو المعالى محمد بن احمد بن على
245 1 0 _aلسان الميزان /
_cابن حجر العسقلانى : بدر الدين ابو المعالى محمد بن احمد بن على
260 _a[S.N] :
_bمؤسسة الاعلى للمطبوعات ،
_c1986
300 _a492 ص
490 _a
650 0 4 _aالاسلام
650 0 4 _aالاحاديث النبوية
942 _2ddc
_cBK
999 _c35120
_d35120